000 00657nam a2200229Ia 4500
003 OSt
005 20220923225627.0
006 a|||||r|||| 00| 0
007 ta
008 Pun
024 _a272,685
037 _cTextual
040 _aARTS
_cARTS
_bPun
041 _2Pun
_aPun
082 _aQ8441jK66, 153M3
100 _aਸਿੰਘ, ਦੇਵਿੰਦਰ, ਥਦ.
_9156313
245 0 _aਸ੍ਰੀ ਗੁਰੂ ਗੋਬਿੰਦ ਸਿੰਘ
_b ਅਭਿਨੰਦਨ
260 _c1983
650 _aਧਰਮ
942 _hQ8441jK66, 153M3
_cTEXL
_2CC
999 _c379537
_d379537